Score 0/23 Timer 03:00
1 Play Today
Hint Answer % Correct
♪ 'I ___ It' by Cardi B ♪♪ LIKE ♪
94.3%
'... and ___ there were none.'THEN
88.4%
♪ '___ is America' by Childish Gambino ♪♪ THIS ♪
88.3%
Place to stay when campingTENT
88%
Breathe heavily, like a dogPANT
87.1%
SkinnyTHIN
86.2%
Company with a swooshNIKE
85.4%
Section of a windowPANE
85.2%
Red Sox or Jets, e.g.TEAM
83.7%
Shortest distance between two pointsLINE
83.5%
Question word for timeWHEN
82.1%
Kept inside, like anger with 'up'PENT
81.7%
Hint Answer % Correct
EvergreenPINE
80.4%
Where a newborn calf sucklesTEAT
80.3%
Cut back along the edgesTRIM
77.7%
♪ 'God's ___' by Drake ♪ ♪ PLAN ♪
76.7%
A trolley carTRAM
76.4%
Lead character in 'Divergent'TRIS
74.3%
Sharpen a knife on a stoneWHET
68.2%
♪ '[Rung 1] for [Rung 20]' by Drake ♪ ♪ WHAT ♪
60.8%
♪ '[Rung 1] for [Rung 20]' by Drake ♪ ♪ NICE ♪
52.8%
Excellent, slangilyPHAT
48.2%
Make a map of a construction sitePLAT
47.9%

Today's Daily Dose

Get the Picture
Which JB?

Remove Ads.
Support Sporcle.
Get the best of Sporcle when you Go Orange. This ad-free experience offers more features, more stats, and more fun while also helping to support Sporcle. Thank you for becoming a member.

You're not logged in!

Compare scores with friends on all Sporcle quizzes.
OR
Log In

Show Comments

Extras

Top Quizzes Today


Score Distribution

Your Account Isn't Verified!

In order to create a playlist on Sporcle, you need to verify the email address you used during registration. Go to your Sporcle Settings to finish the process.

Report this User

Report this user for behavior that violates our Community Guidelines.

Details: